Modern Scandinavian poetry : the panorama of poetry 1900-1975 in Kalatdlit-nunat (Greenland), Iceland, the Faroe Islands, Denmark, Saame Poetry, Norway, Sweden, and Finland /

Bibliographic Details
Other Authors: Allwood, Martin, 1916-1999
Format: Book
Language:English
Multiple languages
Published: New York : New Directions, 1982.
Edition:1st ed.
Subjects:

MARC

Tag First Indicator Second Indicator Subfields
LEADER 00000cam a22000008a 4500
001 in00000085515
005 20151008061522.0
008 810422s1982 nyu b 00000 eng
010 |a  81038320  
020 |a 0811208184 
035 |a (OCoLC)07464753 
035 |9 AAJ8237AM 
039 0 |a 2  |b 3  |c 3  |d 3  |e 3 
040 |a DLC  |c DLC  |d TXA  |d UtOrBLW 
041 0 |a eng  |a mul 
049 |a TXAM  |c [1443209] 
050 0 0 |a PT7093  |b .M6 1982 
082 0 |a 839/.5  |2 19 
245 0 0 |a Modern Scandinavian poetry :  |b the panorama of poetry 1900-1975 in Kalatdlit-nunat (Greenland), Iceland, the Faroe Islands, Denmark, Saame Poetry, Norway, Sweden, and Finland /  |c English versions by Martin Allwood [and others] ; introductions by Kristinn Johannesson [and others] ; general editor, Martin Allwood. 
250 |a 1st ed. 
263 |a 8205 
264 1 |a New York :  |b New Directions,  |c 1982. 
300 |a 399 pages ;  |c 23 cm. 
336 |a text  |b txt  |2 rdacontent 
337 |a unmediated  |b n  |2 rdamedia 
338 |a volume  |b nc  |2 rdacarrier 
500 |a "A new directions book"--title page. 
504 |a Bibliography: pages 391-399. 
650 0 |a Scandinavian poetry  |y 20th century  |x Translations into English. 
650 0 |a English poetry  |x Translations from Scandinavian languages. 
700 1 |a Allwood, Martin,  |d 1916-1999. 
999 |a MARS 
999 f f |s d6641ca0-f1b9-3436-9074-8b6e9100e811  |i c55fb61d-4672-3581-879f-763a6f83b588  |t 0 
952 f f |p normal  |a Texas A&M University  |b College Station  |c Sterling C. Evans Library  |d Evans: Library Stacks  |t 0  |e PT7093 .M6 1982  |h Library of Congress classification  |i unmediated -- volume  |m A14806195444 
998 f f |a PT7093 .M6 1982  |t 0  |l Evans: Library Stacks